Σχήματα Χωρών από Π - Statistics

General Stats
  • This quiz has been taken 9 times
  • The average score is 6 of 9
Answer Stats
Picture Answer % Correct
Πακιστάν
89%
Παλάου
78%
Παναμάς
78%
Παπούα Νέα Γουινέα
78%
Περού
78%
Πολωνία
67%
Πορτογαλία
67%
Παραγουάη
44%
Πράσινο Ακρωτήριο
33%
No matching quizzes found
Score Distribution
Percent of People with Each Score
Percentile by Number Answered
Your Score History
You have not taken this quiz